00529nam a2200181 a 450000500170000000800410001702000180005805000240007610000220010024500520012226000490017430000210022352100080024465000130025265000380026570000240030370000200032720140310183452.0090219s19uu xx 00 eng d a971-23-4487-8 aRA 440b.Ad221 2007 aAdanza, Estela G. aResearch statistics for the health profession / aManila, Philippines :bRex Bookstore,c2006. a253 p. :c23 cm. aNUR aNursing. aEducational researchxStatistics. aReyes, Florencio V. aMartinez, Fe N.